Entry Nombre personal
001 - NÚMERO DE CONTROL
- campo de control: 242343
003 - IDENTIFICADOR DE NÚMERO DE CONTROL
- campo de control: SpMaBN
005 - FECHA Y HORA DE LA ÚLTIMA TRANSACCIÓN
- campo de control: 20251012185550.0
008 - ELEMENTOS DE DATO DE LONGITUD-FIJA
- campo de control de longitud fija: 901120nn aijnnaabn a aaa
016 ## - NÚMERO DE CONTROL DE UNA AGENCIA BIBLIOGRÁFICA NACIONAL
- Número de control del registro: BNE19900211149
024 7# - IDENTIFICADOR DE OTROS ESTÁNDARES
- Número estándar o código: http://viaf.org/viaf/95159270/
- Fuente: viaf
024 7# - IDENTIFICADOR DE OTROS ESTÁNDARES
- Número estándar o código: https://isni.org/isni/0000000121441380
- Fuente: isni
024 7# - IDENTIFICADOR DE OTROS ESTÁNDARES
- Número estándar o código: http://www.wikidata.org/entity/Q354371
- Fuente: wikidata
040 ## - FUENTE DE CATALOGACIÓN
- Centro catalogador/agencia de origen: SpMaBN
- Lengua de catalogación: spa
- Centro/agencia transcriptor: SpMaBN
- Normas de descripción: rdc
- Convención/Normas de encabezamiento de materia/tesauro: embne
046 ## - FECHAS CON CODIFICACIÓN ESPECIAL
- Fecha de nacimiento: 1932
- Fecha de la muerte: 2022
100 1# - ENCABEZAMIENTO-NOMBRE DE PERSONA
- Nombre de persona: Sempé, Jean-Jacques,
- Fechas asociadas al nombre: 1932-2022
370 ## - LUGAR ASOCIADO
- Lugar de nacimiento: Francia, Aquitania, Gironde, Burdeos
370 ## - LUGAR ASOCIADO
- Lugar de fallecimiento: Francia, Aquitania, Gironde, Burdeos
372 ## - CAMPO DE ACTIVIDAD
- Campo de actividad: Caricatura
- Fuente de información: Wikidata
372 ## - CAMPO DE ACTIVIDAD
- Campo de actividad: Dibujos humorísticos
- Fuente del término: tgfbne
374 ## - OCUPACIÓN
- Ocupación: Pintores
- Ocupación: Dibujantes
- Ocupación: Ilustradores
375 ## - GÉNERO/SEXO
- Género: Masculino
377 ## - IDIOMA ASOCIADO
- Término de lengua/lenguaje: Francés
400 1# - TRAZADO DE VÉASE--NOMBRE DE PERSONA
- Nombre de persona: Sempé
- Fechas asociadas al nombre: 1932-2022
400 1# - TRAZADO DE VÉASE--NOMBRE DE PERSONA
- Nombre de persona: Sempé, Jean Jacques
- Fechas asociadas al nombre: 1932-2022
670 ## - FUENTE DE DATOS ENCONTRADOS
- Cita de la fuente: Nikolas txiki eta bere lagunak, 2001
- Información encontrada: port. (Sempé) cub. (n. 1932)
670 ## - FUENTE DE DATOS ENCONTRADOS
- Cita de la fuente: WWW BnF aut., 6-7-2021
- Información encontrada: (Sempé, Jean-Jacques. Dibujante francés nacido en 1932. Firmó sus primeros dibujos en 1951 en el "Sud-Ouest dimanche" con el seudónimo de Drô)
- Identificador Uniforme de Recursos: https://catalogue.bnf.fr/ark:/12148/cb119243947
670 ## - FUENTE DE DATOS ENCONTRADOS
- Cita de la fuente: WWW Wikipedia, 12-8-2022
- Información encontrada: (JJean-Jacques Sempé (Pessac, 17 de agosto de 1932-11 de agosto de 2022) fue un dibujante de historietas francés. Firmaba sus trabajos simplemente con su apellido Sempé)
- Identificador Uniforme de Recursos: https://es.wikipedia.org/wiki/Jean-Jacques_Sempé
